00326nam a2200109Ia 4500008004100000082001500041100001700056245002800073260003100101300000800132650007600140211119s9999||||xx |||||||||||||| ||und|| a920bMAT-B aMathew, Tony 0aBharathathe Snehichavar bShradha BooksaKochic2007 a84p aHistoryvBiography, genealogy & insigniaEconomicsxPGR-GANDHIAN STUDIES